| 000 | 00879cam a2200217 i 4500 | ||
|---|---|---|---|
| 005 | 20260107112118.0 | ||
| 008 | 250721s2003 xx 000 0 ara d | ||
| 082 | 1 | 4 |
_a219.5 _bم ص ط |
| 100 | 1 |
_aمصطفى، أسامه نعيم _eمؤلف. |
|
| 245 | 1 | 0 |
_aمواقف ضحك وبكى فيها الرسول صلى الله عليه وسلم والصحابة رضي الله عنه / _cتأليف أسامة نعيم مصطفى. |
| 250 | _aالطبعة الأولى. | ||
| 264 | 3 | 1 |
_aعمان : _bدار عالم الثقافة للنشر والتوزيع، _c2003. |
| 300 | _a80 صفحة. | ||
| 650 | 1 | 7 | _aالسيرة النبوية. |
| 650 | 1 | 7 | _aالنبي محمد. |
| 650 | 1 | 7 | _aالصحابة. |
| 650 | 1 | 7 | _aالضحك. |
| 650 | 1 | 7 | _aالبكاء. |
| 942 |
_2ddc _cBK |
||
| 999 |
_c66060 _d66060 |
||